000 00321nam a22000977a 4500
245 _a Handling, Transportation and Storage of Fruits and Vegetables - volume - 1: Vegetables and Melons
250 _a2 nd
260 _aNew Delhi
_bMedtec An Impriment of Scientific International Pvt. Ltd.
_c2014
300 _a587
942 _cBK
999 _c14521
_d14521